000 00543nam a2200181Ia 4500
003 GCL
008 140319s9999 xx 000 0 ara d
040 _aGCL /
_cGCL
082 0 4 _a219.1
_bع.ا
100 1 _aعبدالعزيز جاويش
245 1 0 _aالاسلام دين الفطرة /
_cعبدالعزيز جاويش
260 _a[S.N] :
_bالزهراء للاعلام العربى ،
_c1987
300 _a226 ص
490 _a
650 0 4 _aالاسلام
650 0 4 _aالاسلام وموضوعات اخرى
942 _2ddc
_cBK
999 _c53223
_d53223